Passing Yard Leaders By Year - Statistics

General Stats
  • This quiz has been taken 35 times
  • The average score is 24 of 58
Answer Stats
Hint Answer % Correct
2021-5,316 Tom Brady
100%
2017-4,577 Tom Brady
100%
2007-4,806 Tom Brady
100%
2005-4,110 Tom Brady
100%
2022-5,250 Patrick Mahomes
97%
2013-5,477 Peyton Manning
87%
2003-4,267 Peyton Manning
87%
2000-4,413 Peyton Manning
87%
2014-4,952 Drew Brees/Ben Roethlisberger
80%
2016-5,208 Drew Brees
77%
2015-4,870 Drew Brees
77%
2012-5,177 Drew Brees
77%
2011-5,476 Drew Brees
77%
2008-5,069 Drew Brees
77%
2006-4,418 Drew Brees
77%
2023-4,624 Tua Tagovailoa
63%
2018-5,129 Ben Roethlisberger
50%
1998-4,212 Brett Favre
50%
1995-4,413 Brett Favre
50%
1992-4,116 Dan Marino
43%
1988-4,434 Dan Marino
43%
1986-4,746 Dan Marino
43%
1985-4,137 Dan Marino
43%
1984-5,084 Dan Marino
43%
2019-5,109 Jameis Winston
43%
1978-3,468 Fran Tarkenton
33%
2010-4,710 Philip Rivers
33%
1991-4,690 Warren Moon
33%
1990-4,689 Warren Moon
33%
2004-4,717 Daunte Culpepper
30%
1993-4,030 John Elway
30%
1982-2,883 Dan Fouts
27%
1981-4,802 Dan Fouts
27%
1980-4,715 Dan Fouts
27%
1979-4,082 Dan Fouts
27%
2020-4,823 Deshaun Watson
27%
1994-4,555 Drew Bledsoe
27%
1972-2,816 Joe Namath
27%
1967-4,007 Joe Namath
27%
1966-3,379 Joe Namath
27%
2001-4,830 Kurt Warner
27%
2002-4,689 Rich Gannon
27%
2009-4,770 Matt Schaub
23%
1976-3,104 Bert Jones
17%
1975-3,169 Ken Anderson
13%
1974-2,667 Ken Anderson
13%
1987-3,387 Neil Lomax
13%
1973-3,219 Roman Gabriel
10%
1999-4,436 Steve Beuerlein
10%
1977-2,803 Joe Ferguson
7%
1970-2,941 John Brodie
7%
1989-4,318 Don Majkowski
3%
1997-3,917 Jeff George
3%
1971-3,075 John Hadl
3%
1968-3,473 John Hadl
3%
1983-4,458 Lynn Dickey
3%
1969-3,302 Darlye Lamonica
0%
1996-4,367 Mark Brunell
0%
No matching quizzes found
Score Distribution
Percent of People with Each Score
Percentile by Number Answered
Your Score History
You have not taken this quiz